Pomniki polskiego dziedzictwa dokumentacyjnego 10 lat Polskiej Listy Krajowej Programu UNESCO Pamięć Świata

Bibliographic Details
Other Authors: Badyda, Andrzej (Compiler), Żelezek, Beata (Compiler)
Format: Book
Language:Polish
PhysicalDescription:170 strán faksimile, fotografie, portréty 24 cm
Published: Warszawa Archiwa Państwowe 2024
ISBN:9788366739970
Edition:Wydanie I
Subjects:

MARC

LEADER 00000nam a2200000 4500
003 SK-MaSNL
005 20260514131126.0
008 260323s2024 pl ho ce nc 010 0 pol
020 |a 9788366739970  |q (brožované) 
038 |a SNK 
040 |a SNK  |b slo  |c SNK  |e rda 
041 0 |a pol 
044 |a pl  |c PL 
080 |a (083.82)  |2 2011 
080 |a (084.11)   |2 2011 
245 0 0 |a Pomniki polskiego dziedzictwa dokumentacyjnego  |b 10 lat Polskiej Listy Krajowej Programu UNESCO Pamięć Świata  
246 1 |i Názov na patitule:  |a Pamięć Polski 
250 |a Wydanie I 
264 1 |a Warszawa  |b Archiwa Państwowe  |c 2024 
300 |a 170 strán  |b faksimile, fotografie, portréty  |c 24 cm 
336 |a text  |b txt  |2 rdacontent 
336 |a statický obraz  |b sti  |2 rdacontent 
337 |a bez média  |b n  |2 rdamedia 
338 |a zväzok  |b nc  |2 rdacarrier 
504 |a Obsahuje bibliografiu 
655 7 |a katalógy  |2 SNKPH  |9 60821 
655 7 |a obrazové publikácie  |2 SNKPH  |9 70343 
655 7 |a Catalogs   |2 SNKPHeng  |9 266059 
655 7 |a Pictorial works   |2 SNKPHeng  |9 284468 
700 1 |a Krochmal, Anna,  |d  1965-2024  |4 red  |9 1635255 
700 1 |a Pietrzyk, Paweł  |4 red  |9 1635303 
700 1 |a Badyda, Andrzej  |4 com  |9 1638791 
700 1 |a Żelezek, Beata  |4 com  |9 1638792 
852 |a Slovenská národná knižnica 
919 |a 978-83-66739-97-0 
954 |a odborná, vedecká literatúra cudzojazyčná (svetová)  |2 lita 
958 |a NB 
999 |c 3367913  |d 3369843 
952 |t 1  |a SNK  |b SNK  |y NEVYP  |7 1  |p 17A1578489  |o snk  |i snk2026/7174  |8 2  |g 10.76  |0 0  |1 0  |2 udc  |4 0  |d 2026-03-23  |l 0  |r 2026-03-23 10:11:00  |w 2026-03-23